000 00575nam a22002177a 4500
999 _c11628
_d11628
001 11628
003 BD-JhCC
005 20200712101257.0
008 200712b2017 ii a|||| ||a| 001 0 eng d
020 _a9788193315842
035 _a(BD-JhCC)11628
040 _aBD-JhCC
_dBD-JhCC
041 _aeng
082 _a032
_bENC 2017
245 _aJunior ENCYCLOPEDIA:
_bHuman Body /
260 _aNew Delhi:
_bSterling New Horizons Pvt Ltd;
_c2017.
300 _a219 p. :
_c 15 cm
650 _aChildren's encyclopedias and Dictionaries
942 _2ddc
_cBK